[Event "13. Lichtenberger Sommer"]
[Site "?"]
[Date "2014.08.19"]
[Round "4.21"]
[White "Richter, Götz"]
[Black "Kapp, Martin"]
[Result "0-1"]
[WhiteElo "2028"]
[BlackElo "2201"]
[PlyCount "104"]
[EventDate "2014.??.??"]
[WhiteTeam "Klub Kölner Schachfreunde e.V. 1"]
[BlackTeam "Schachverein Erzgebirge Stollber"]

1. e4 e6 2. d4 d5 3. Nc3 Bb4 4. e5 c5 5. Bd2 Ne7 6. a3 Bxc3 7. Bxc3 b6 8. Nf3
Nf5 9. Bb5+ Bd7 10. Bd3 cxd4 11. Nxd4 Nxd4 12. Bxd4 Nc6 13. c3 Qg5 14. O-O f5
15. exf6 gxf6 16. Be3 Qg7 17. Qh5+ Qf7 18. Qxf7+ Kxf7 19. f4 Na5 20. Rad1 Ba4
21. Rde1 Bb3 22. Rf3 Bc4 23. Bb1 Rag8 24. Kf2 h5 25. Rg3 Nb7 26. Rxg8 Rxg8 27.
Bc2 Nd6 28. b3 Ba6 29. a4 Nb7 30. Bd4 Nc5 31. a5 Bd3 32. Bb1 Ne4+ 33. Kg1 Bxb1
34. Rxb1 bxa5 35. Ra1 Rb8 36. Ra3 Rb5 37. g3 a6 38. c4 dxc4 39. bxc4 Rb4 40.
Rxa5 Rxc4 41. Ba7 h4 42. gxh4 Nc3 43. Rxa6 Rxf4 44. Bf2 Ra4 45. Rc6 Nd5 46. Kg2
f5 47. Rc8 e5 48. Rc5 Nf4+ 49. Kf3 Ra3+ 50. Be3 Ke6 51. Rc6+ Kd7 52. Rf6 Rxe3+
0-1

[Event "13. Lichtenberger Sommer"]
[Site "?"]
[Date "2014.08.19"]
[Round "4.22"]
[White "Lagunow, Raphael"]
[Black "Sappok, Marius"]
[Result "1-0"]
[WhiteElo "2121"]
[BlackElo "2003"]
[PlyCount "131"]
[EventDate "2014.??.??"]
[WhiteTeam "SK Zehlendorf e.V."]
[BlackTeam "SC Zugzwang 95 e.V."]

1. e4 e5 2. Nf3 Nc6 3. Bc4 Bc5 4. b4 Bxb4 5. c3 Be7 6. d4 Na5 7. Nxe5 Nxc4 8.
Nxc4 d5 9. exd5 Qxd5 10. Ne3 Qa5 11. O-O Nf6 12. c4 O-O 13. Bb2 c6 14. Nd2 Be6
15. Nb3 Qh5 16. d5 cxd5 17. cxd5 Bg4 18. f3 Bd7 19. d6 Bd8 20. Bd4 Re8 21. Re1
Nd5 22. Nc5 Bc6 23. Nc4 Rxe1+ 24. Qxe1 b6 25. Ne4 Nf4 26. Ne5 Bd5 27. Qe3 Ne6
28. Ng3 Qg5 29. Rd1 Qxe3+ 30. Bxe3 Bxa2 31. Nc6 h6 32. Nf5 Kf8 33. Bf2 Bc4 34.
Ne5 Bb3 35. Rc1 Bd5 36. d7 f6 37. Nc6 Kf7 38. Nb4 Bb7 39. Nd6+ Ke7 40. Nxb7
Kxd7 41. Nxd8 Nxd8 42. Rd1+ Ke6 43. Ra1 Rc8 44. g3 Rc7 45. g4 f5 46. Re1+ Kf7
47. gxf5 Rc4 48. Nd5 Nc6 49. Be3 Ne5 50. Kg2 Nc6 51. Kg3 Rc2 52. Rc1 Rxc1 53.
Bxc1 b5 54. Nc3 b4 55. Na4 Nd4 56. Kg4 Nc2 57. Bb2 Ne3+ 58. Kf4 Nc4 59. Ke4
Nd2+ 60. Ke3 Nc4+ 61. Ke4 Nd2+ 62. Kf4 Nc4 63. Bd4 b3 64. Nb2 Nb6 65. Bxb6 axb6
66. Ke5 1-0

[Event "13. Lichtenberger Sommer"]
[Site "?"]
[Date "2014.08.19"]
[Round "4.23"]
[White "Kievelitz, Bernd"]
[Black "Rohde, Wolfgang"]
[Result "0-1"]
[WhiteElo "1998"]
[BlackElo "2162"]
[PlyCount "132"]
[EventDate "2014.??.??"]
[WhiteTeam "SC Zitadelle Spandau 1977 e.V."]
[BlackTeam "SC Friesen Lichtenberg e.V."]

1. Nf3 c5 2. c4 g6 3. d4 Bg7 4. Nc3 cxd4 5. Nxd4 Nc6 6. Nc2 d6 7. e4 Nh6 8. Be2
O-O 9. O-O f5 10. exf5 Nxf5 11. Rb1 Be6 12. Nd5 Qd7 13. b3 Bf7 14. Bb2 e5 15.
Nde3 Be6 16. Bf3 Nce7 17. Nd5 Rac8 18. Nxe7+ Nxe7 19. Ne3 Kh8 20. Ba3 Rfd8 21.
Qd2 b5 22. Rbc1 bxc4 23. bxc4 Qa4 24. Qb4 Qxb4 25. Bxb4 Nc6 26. Bc3 Nd4 27.
Bxd4 exd4 28. Nd5 Bh6 29. Rce1 Bf5 30. Ne7 Rxc4 31. Nxf5 gxf5 32. Bd5 Rc5 33.
Bb3 Bg5 34. Rd1 Bf6 35. Rd3 Rc3 36. Rfd1 Kg7 37. g3 Re8 38. Kg2 a5 39. Kf3 Be5
40. h3 h5 41. Ba4 Rb8 42. Bb3 Rb4 43. Ke2 a4 44. Be6 Kf6 45. Bd5 Ke7 46. Bf3
Rc2+ 47. R1d2 Rxd2+ 48. Rxd2 f4 49. Bxh5 fxg3 50. fxg3 Bxg3 51. Kd3 Be5 52. Bf3
Bf4 53. Rc2 Be3 54. Rc4 Rb2 55. Rxa4 Rh2 56. Bg4 d5 57. Be2 Rxh3 58. Ra7+ Kd6
59. Rf7 Bf4+ 60. Kc2 Rc3+ 61. Kb2 Bc1+ 62. Kb1 Ba3 63. Rf1 d3 64. Bxd3 Rxd3 65.
Rh1 Rc3 66. Rd1 Kc5 0-1

[Event "13. Lichtenberger Sommer"]
[Site "?"]
[Date "2014.08.19"]
[Round "4.24"]
[White "Simon, Ralf-Axel"]
[Black "Fartmann, Oliver"]
[Result "0-1"]
[WhiteElo "2173"]
[BlackElo "1927"]
[PlyCount "60"]
[EventDate "2014.??.??"]
[WhiteTeam "TSG Neuruppin"]
[BlackTeam "SV Mattnetz Berlin e.V."]

1. Nf3 Nf6 2. c4 g6 3. Nc3 Bg7 4. e4 d6 5. d4 O-O 6. Be2 e5 7. Be3 Ng4 8. Bg5
f6 9. Bh4 Nc6 10. d5 Ne7 11. Nd2 Nh6 12. f3 c5 13. a3 g5 14. Bf2 f5 15. b4 b6
16. bxc5 bxc5 17. O-O f4 18. Rb1 Ng6 19. Qa4 g4 20. Qc6 g3 21. hxg3 fxg3 22.
Bxg3 Qg5 23. Rf2 Qxd2 24. Qxa8 Qxc3 25. Qxa7 Ng4 26. Rb8 Nxf2 27. Bxf2 Qc1+ 28.
Bf1 Nf4 29. Qc7 Ne2+ 30. Kh2 Qh6+ 0-1

[Event "13. Lichtenberger Sommer"]
[Site "?"]
[Date "2014.08.19"]
[Round "4.25"]
[White "Brümmel, Arend"]
[Black "Raab, Helen"]
[Result "1-0"]
[WhiteElo "2132"]
[BlackElo "1851"]
[PlyCount "45"]
[EventDate "2014.??.??"]
[WhiteTeam "Stader SV"]
[BlackTeam "SC Kreuzberg e.V."]

1. d4 d5 2. Nf3 Nf6 3. c4 c6 4. e3 e6 5. Nc3 Bd6 6. Bd3 O-O 7. O-O dxc4 8. Bxc4
b5 9. Bd3 b4 10. Ne2 Nbd7 11. e4 e5 12. Bg5 Bb7 13. Kh1 exd4 14. Nfxd4 Qa5 15.
Nf5 Bc7 16. a3 c5 17. axb4 Qxb4 18. Bd2 Qb6 19. Ba5 Qxa5 20. Rxa5 Bxa5 21. f4
Nb6 22. Nd6 Bc6 23. Ng3 1-0

[Event "13. Lichtenberger Sommer"]
[Site "?"]
[Date "2014.08.19"]
[Round "4.26"]
[White "Meyer-Dunker, Paul"]
[Black "Nötzel, Felix"]
[Result "0-1"]
[WhiteElo "1912"]
[BlackElo "2113"]
[PlyCount "102"]
[EventDate "2014.??.??"]
[WhiteTeam "SC Friesen Lichtenberg e.V."]
[BlackTeam "Sfrd. Berlin 1903 e.V."]

1. e4 d5 2. Nc3 d4 3. Nce2 e5 4. Ng3 Be6 5. Nf3 f6 6. Bb5+ c6 7. Ba4 Na6 8. Bb3
Bxb3 9. axb3 d3 10. Nxe5 fxe5 11. Qh5+ Kd7 12. Qf5+ Kc7 13. Qxe5+ Qd6 14. Qa5+
Kd7 15. Qc3 Nb4 16. O-O Nh6 17. e5 Qd5 18. Re1 Nxc2 19. Ra4 Kc7 20. Ree4 Be7
21. Ra5 Qd8 22. e6 Bf6 23. e7 Qd7 24. Qc4 Rhe8 25. b4 Rxe7 26. b5 Rxe4 27. Nxe4
b6 28. Ra6 Qd5 29. Qa4 cxb5 30. Nxf6 gxf6 31. Rxa7+ Rxa7 32. Qxa7+ Qb7 33. Qa2
Qe4 34. Qa7+ Kc8 35. Qa6+ Qb7 36. Qxb5 Qe4 37. Qa6+ Kd7 38. Qa7+ Ke6 39. h3
Qe1+ 40. Kh2 Qxc1 41. Qa8 Kf7 42. Qd5+ Kg7 43. Qxd3 Qxb2 44. Qg3+ Kh8 45. Qb8+
Ng8 46. f4 Qd4 47. d3 Nb4 48. h4 Nxd3 49. g3 Qf2+ 50. Kh3 Qf3 51. h5 Nf2+ 0-1

[Event "13. Lichtenberger Sommer"]
[Site "?"]
[Date "2014.08.19"]
[Round "4.27"]
[White "Krefenstein, Sergej"]
[Black "Osten, David"]
[Result "0-1"]
[WhiteElo "2094"]
[BlackElo "1733"]
[PlyCount "58"]
[EventDate "2014.??.??"]
[WhiteTeam "TuS Makkabi Berlin e.V."]
[BlackTeam "SF Friedrichshagen"]

1. Nf3 Nf6 2. g3 c5 3. Bg2 g6 4. O-O Bg7 5. d3 d5 6. Nbd2 O-O 7. c4 e6 8. cxd5
exd5 9. Nb3 b6 10. d4 c4 11. Nbd2 Nc6 12. e3 b5 13. a4 b4 14. Ne5 Nxe5 15. dxe5
Ne4 16. Nxe4 dxe4 17. Bxe4 Rb8 18. f4 Bh3 19. Re1 Qxd1 20. Rxd1 Rfd8 21. Bd5
Bf8 22. Bf3 Rxd1+ 23. Bxd1 Bf5 24. Be2 c3 25. Kf1 Bc5 26. bxc3 bxc3 27. Bb5 c2
28. Bd2 a6 29. g4 Be4 0-1

[Event "13. Lichtenberger Sommer"]
[Site "?"]
[Date "2014.08.19"]
[Round "4.28"]
[White "Hilbig, Dieter"]
[Black "Jaeschke, Jens-Uwe"]
[Result "1/2-1/2"]
[WhiteElo "2020"]
[BlackElo "2130"]
[PlyCount "99"]
[EventDate "2014.??.??"]
[WhiteTeam "ESV Gera"]
[BlackTeam "Sfr.Nord-Ost Berlin"]

1. e4 Nf6 2. e5 Ng8 3. d4 d6 4. Nc3 dxe5 5. dxe5 Qxd1+ 6. Nxd1 Nc6 7. Bf4 e6 8.
Nf3 Bc5 9. c3 a6 10. Bd3 Nge7 11. Be3 Bxe3 12. Nxe3 Nd5 13. Nc4 b5 14. Ncd2 Bb7
15. O-O O-O-O 16. Be4 g5 17. Nxg5 Nxe5 18. Rfe1 h6 19. Ngf3 Nxf3+ 20. Nxf3 Nf4
21. Nd4 c5 22. Nb3 Bxe4 23. Rxe4 Nd3 24. Re2 Rd5 25. Kf1 Rhd8 26. a4 c4 27. Nd4
Kb7 28. axb5 axb5 29. b3 cxb3 30. Nxb3 Nf4 31. Ree1 Rc8 32. Ra3 Rd3 33. Rea1
Rcxc3 34. Ra7+ Kc6 35. Rxf7 Rxb3 36. Rxf4 e5 37. Rf6+ Kd5 38. Rxh6 Ra3 39. Re1
b4 40. Rh5 b3 41. Rhxe5+ Kc4 42. Rc1+ Kd4 43. Rb5 Ra2 44. Rb4+ Kd5 45. Ke1 Ke5
46. Rc5+ Kd6 47. Rcb5 Rdd2 48. Rxb3 Re2+ 49. Kd1 Rxf2 50. Rb6+ 1/2-1/2

[Event "13. Lichtenberger Sommer"]
[Site "?"]
[Date "2014.08.19"]
[Round "4.29"]
[White "Schmidt, Jürgen"]
[Black "Schäfer, Heiko"]
[Result "1-0"]
[WhiteElo "1992"]
[BlackElo "2064"]
[PlyCount "79"]
[EventDate "2014.??.??"]
[WhiteTeam "SC Kreuzberg e.V."]
[BlackTeam "Potsdamer SV Mitte e.V."]

1. e4 e6 2. d4 d5 3. Nc3 Nf6 4. e5 Nfd7 5. f4 c5 6. Nf3 Nc6 7. Be3 a6 8. Be2 b5
9. O-O b4 10. Na4 cxd4 11. Nxd4 Nxd4 12. Bxd4 Qc7 13. f5 Nxe5 14. Nb6 Rb8 15.
Nxc8 Nc6 16. Bf2 Qxc8 17. fxe6 fxe6 18. Kh1 Be7 19. Bg3 Ra8 20. Bg4 Nd8 21. Be5
Qc4 22. Rf4 Qc6 23. Bxg7 Rg8 24. Bh5+ Kd7 25. Bh6 Rc8 26. Rg4 Rxg4 27. Bxg4 Bf6
28. Rb1 Ke7 29. c3 bxc3 30. bxc3 Qxc3 31. Rc1 d4 32. Rxc3 dxc3 33. Qc2 Nf7 34.
Bc1 Ne5 35. Qxh7+ Kd6 36. Bd1 Nc6 37. Ba3+ Ke5 38. Qh5+ Kd4 39. Bc5+ Kc4 40.
Be2# 1-0

[Event "13. Lichtenberger Sommer"]
[Site "?"]
[Date "2014.08.19"]
[Round "4.30"]
[White "Waitz, Marco"]
[Black "Stark, Ingo"]
[Result "0-1"]
[WhiteElo "1984"]
[BlackElo "2134"]
[PlyCount "64"]
[EventDate "2014.??.??"]
[WhiteTeam "BSV 63 Chemie Weißensee"]
[BlackTeam "TSG Oberschöneweide e.V."]

1. e4 c5 2. c3 d5 3. exd5 Qxd5 4. d4 Nf6 5. Nf3 Bg4 6. Be2 e6 7. h3 Bh5 8. O-O
Nc6 9. Be3 cxd4 10. cxd4 Bb4 11. a3 Ba5 12. Nc3 Qd6 13. b4 Bb6 14. Nb5 Qb8 15.
Nc3 Qd6 16. Nb5 Qd8 17. Nc3 O-O 18. Rc1 Rc8 19. Ne5 Bxe2 20. Nxc6 Rxc6 21. Nxe2
Qd7 22. Rxc6 Qxc6 23. Qb3 Rc8 24. Rc1 Qd7 25. Rxc8+ Qxc8 26. a4 Qd7 27. a5 Bd8
28. d5 Qxd5 29. Qxd5 Nxd5 30. Bxa7 Nxb4 31. Bb6 Bxb6 32. axb6 Nd5 0-1

[Event "13. Lichtenberger Sommer"]
[Site "?"]
[Date "2014.08.19"]
[Round "4.31"]
[White "Tscheuschner, Georg"]
[Black "George, Tom"]
[Result "1-0"]
[WhiteElo "1967"]
[BlackElo "1897"]
[PlyCount "75"]
[EventDate "2014.??.??"]
[WhiteTeam "SV Mattnetz Berlin e.V."]
[BlackTeam "SG Blau-Weiß Stadtilm"]

1. c4 b6 2. Nc3 Bb7 3. Nf3 Nf6 4. g3 e6 5. Bg2 Be7 6. O-O O-O 7. d4 Bb4 8. Qb3
a5 9. Ne5 Bxg2 10. Kxg2 d6 11. Nd3 Bxc3 12. Qxc3 Nbd7 13. f3 c5 14. e4 Qc7 15.
b3 Rfc8 16. Bb2 cxd4 17. Qxd4 e5 18. Qe3 a4 19. Rfc1 Rcb8 20. b4 a3 21. Bc3 Rc8
22. Bd2 h6 23. Rab1 Ra4 24. Nf2 Nf8 25. Qb3 Rca8 26. Be3 Ne6 27. Nd1 Qb7 28.
Nc3 R4a6 29. Nd5 Nxd5 30. cxd5 Nd8 31. Rc2 Qd7 32. b5 R6a7 33. Bxb6 Rb7 34.
Bxd8 Qxd8 35. b6 Qd7 36. Rc6 Kf8 37. Qb4 Ke7 38. Rbc1 1-0

[Event "13. Lichtenberger Sommer"]
[Site "?"]
[Date "2014.08.19"]
[Round "4.32"]
[White "Willich, Manfred"]
[Black "Wecker, Martin"]
[Result "0-1"]
[WhiteElo "1961"]
[BlackElo "2049"]
[PlyCount "52"]
[EventDate "2014.??.??"]
[WhiteTeam "SK Turm Bad Hersfeld"]
[BlackTeam "Godesberger Schachklub 1929 e.V."]

1. d4 Nf6 2. c4 c5 3. Nf3 cxd4 4. Nxd4 b6 5. Nc3 Bb7 6. Bg5 d6 7. Bxf6 gxf6 8.
e4 Nc6 9. Nf5 e6 10. Ng3 Rc8 11. Be2 Rg8 12. O-O a6 13. Qd2 Ne5 14. b3 Qc7 15.
Nd1 Rg6 16. Bh5 Bh6 17. Qe2 Rg8 18. Ne3 Bf4 19. Ng4 Nxg4 20. Bxg4 Qc5 21. Nh5
Qg5 22. h3 f5 23. exf5 Qxh5 24. Bxh5 Rxg2+ 25. Kh1 Rh2+ 26. Kg1 Rh1# 0-1

[Event "13. Lichtenberger Sommer"]
[Site "?"]
[Date "2014.08.19"]
[Round "4.33"]
[White "Albrecht, Rainer"]
[Black "Fiedler, Wolfgang"]
[Result "1-0"]
[WhiteElo "2109"]
[BlackElo "1928"]
[PlyCount "102"]
[EventDate "2014.??.??"]
[WhiteTeam "SC Kreuzberg e.V."]
[BlackTeam "SV Berolina Mitte e.V."]

1. d4 d5 2. c4 Nc6 3. Nc3 Nf6 4. cxd5 Nxd5 5. Nf3 e6 6. e4 Nf6 7. a3 h6 8. h3
g5 9. Bd3 Qe7 10. b4 Bg7 11. e5 Nd5 12. Ne4 a6 13. Ng3 Rg8 14. Bh7 Rf8 15. Be4
Bd7 16. Qb3 f5 17. exf6 Bxf6 18. Bg6+ Kd8 19. Be3 Qd6 20. Ne4 Qe7 21. Nxf6 Qxf6
22. Be4 Nce7 23. O-O-O c6 24. Ne5 Nf5 25. Rhe1 Kc7 26. Kb1 Rad8 27. Rc1 Kb8 28.
Rc5 Nd6 29. Bf3 Nf7 30. Nxf7 Qxf7 31. a4 b6 32. Rc4 Kb7 33. Rec1 Rc8 34. Kb2 b5
35. axb5 axb5 36. Rc5 Kb6 37. Ra1 Ra8 38. Rxa8 Rxa8 39. Bxd5 exd5 40. Qc2 Qf6
41. f3 Ra4 42. Qc3 Bf5 43. Bd2 Bh7 44. Be1 Qg6 45. Qc1 Ra6 46. Bg3 Kb7 47.
Rxb5+ Kc8 48. Rb8+ Kd7 49. b5 Ra7 50. bxc6+ Ke7 51. c7 Qa6 1-0

[Event "13. Lichtenberger Sommer"]
[Site "?"]
[Date "2014.08.19"]
[Round "4.34"]
[White "Deutschbein, Christopher"]
[Black "Heuser, Philip"]
[Result "1/2-1/2"]
[WhiteElo "1984"]
[BlackElo "2095"]
[PlyCount "88"]
[EventDate "2014.??.??"]
[WhiteTeam "Bille SC von 1924 e.V."]
[BlackTeam "Münchener SC 1836 e.V."]

1. e4 c6 2. d4 g6 3. Nf3 Bg7 4. Be2 d6 5. O-O Nd7 6. Nbd2 Qc7 7. Re1 Ngf6 8. c3
O-O 9. Qc2 a6 10. Nf1 b5 11. h3 Bb7 12. Bf4 c5 13. dxc5 Qxc5 14. Bd3 Rac8 15.
N1d2 Rfe8 16. Rac1 Qa7 17. Be3 Qa8 18. Bd4 Nc5 19. e5 dxe5 20. Bxe5 Rcd8 21.
Bf1 Nce4 22. Nb3 e6 23. Rcd1 Bd5 24. Bd4 Nd6 25. Nfd2 Nf5 26. Be5 Nh4 27. f3
Nf5 28. Bd3 Nd6 29. Bxd6 Rxd6 30. Ne4 Nxe4 31. Bxe4 Red8 32. Bxd5 Rxd5 33. Rxd5
Qxd5 34. Re2 Be5 35. Rd2 Qa8 36. Rxd8+ Qxd8 37. Qd2 Qb6+ 38. Qf2 Qd6 39. Qd2
Qb6+ 40. Qf2 Qd6 41. Qd2 Qxd2 42. Nxd2 Bf4 43. Nb3 Kf8 44. Kf2 Bc7 1/2-1/2

[Event "13. Lichtenberger Sommer"]
[Site "?"]
[Date "2014.08.19"]
[Round "4.35"]
[White "Heerde, Thomas"]
[Black "Baranowsky, Peter"]
[Result "0-1"]
[WhiteElo "2074"]
[BlackElo "1978"]
[PlyCount "104"]
[EventDate "2014.??.??"]
[WhiteTeam "SC Weisse Dame e.V."]
[BlackTeam "Sfrd. Berlin 1903 e.V."]

1. e4 c5 2. Nf3 Nc6 3. d3 d6 4. g3 g6 5. Bg2 Bg7 6. O-O Nf6 7. c3 O-O 8. a3 b5
9. b4 Qc7 10. Re1 Bb7 11. Ra2 e5 12. Nbd2 a5 13. bxa5 Rxa5 14. d4 cxd4 15. cxd4
Nb4 16. Rb2 Nd3 17. Rc2 Qb6 18. Re3 Nxc1 19. Rxc1 exd4 20. Rb3 Qa7 21. Rc7 Ne8
22. Rc1 Nf6 23. Ne1 d5 24. Rc7 Qb6 25. Qc2 dxe4 26. Re7 d3 27. Qc7 Qxc7 28.
Rxc7 Bd5 29. Rb4 Bh6 30. Rb2 Rxa3 31. Re7 Ra1 32. Kf1 e3 33. fxe3 Bxg2+ 34. Kf2
Rxe1 35. Kxe1 Nd5 36. Rd7 Re8 37. e4 Bxd2+ 38. Kxd2 Bxe4 39. Rxb5 Nf6 40. Rd4
Kg7 41. h3 Rc8 42. g4 Rc2+ 43. Ke3 Re2+ 44. Kf4 h6 45. h4 Rf2+ 46. Ke3 Re2+ 47.
Kf4 d2 48. Rc5 Bc2 49. Rxc2 d1=Q 50. Rxd1 Rxc2 51. Rd4 Rg2 52. Kf3 Rxg4 0-1

[Event "13. Lichtenberger Sommer"]
[Site "?"]
[Date "2014.08.19"]
[Round "4.36"]
[White "Junge, Wolfgang"]
[Black "Schulz, Olaf"]
[Result "1-0"]
[WhiteElo "1848"]
[BlackElo "2029"]
[PlyCount "87"]
[EventDate "2014.??.??"]
[WhiteTeam "SC Friesen Lichtenberg e.V."]
[BlackTeam "SC Rotation Pankow e.V."]

1. d4 d5 2. c4 c6 3. Nf3 e6 4. e3 Nf6 5. Nc3 Bd6 6. Bd3 dxc4 7. Bxc4 b5 8. Be2
O-O 9. O-O a6 10. Qc2 Nbd7 11. Rd1 Qc7 12. h3 c5 13. dxc5 Nxc5 14. Bxb5 Bb7 15.
Be2 Nce4 16. Bd2 Rac8 17. Rac1 Nxd2 18. Qxd2 Bb4 19. a3 Rfd8 20. Qe1 Ba5 21. b4
Rxd1 22. Qxd1 Bb6 23. Qe1 Qe7 24. Na4 Bc7 25. Nc5 Bxf3 26. Bxf3 Qd6 27. Kf1 a5
28. Rd1 Qb6 29. Nb3 Qb5+ 30. Be2 Qa4 31. Nxa5 Qxa3 32. Rc1 Nd5 33. Nc6 Be5 34.
e4 Bb2 35. exd5 Bxc1 36. Ne7+ Kf8 37. Nxc8 Qb2 38. dxe6 fxe6 39. Qd1 Bd2 40. b5
e5 41. b6 e4 42. b7 Bf4 43. Qd8+ Kf7 44. Bc4+ 1-0

[Event "13. Lichtenberger Sommer"]
[Site "?"]
[Date "2014.08.19"]
[Round "4.37"]
[White "Hoffmann, Rainer"]
[Black "Scheide, Helmut"]
[Result "0-1"]
[WhiteElo "2064"]
[BlackElo "1947"]
[PlyCount "82"]
[EventDate "2014.??.??"]
[WhiteTeam "BSC Rehberge 1945 e.V."]
[BlackTeam "USV Potsdam e.V., Abt. Schach"]

1. Nf3 Nf6 2. c4 e6 3. Nc3 d5 4. d4 c6 5. Bg5 Nbd7 6. e3 Bb4 7. Rc1 Qa5 8. Qc2
Qxa2 9. Nd2 Qa5 10. f4 h6 11. Bh4 O-O 12. Be2 dxc4 13. Nxc4 Qf5 14. Qb3 Bxc3+
15. bxc3 b5 16. Nd2 Rb8 17. Qa3 a6 18. O-O c5 19. h3 b4 20. cxb4 cxb4 21. Qb2
Bb7 22. g4 Qd5 23. Nc4 Ne4 24. Be7 Rfc8 25. Nd6 Rxc1 26. Rxc1 f5 27. gxf5 exf5
28. Nxe4 fxe4 29. Bg4 h5 30. Be2 Qf5 31. Kh2 a5 32. Bd6 Rc8 33. Rxc8+ Bxc8 34.
Qa2+ Kh8 35. Qc4 Nb6 36. Qc6 Qxh3+ 37. Kg1 Qxe3+ 38. Kf1 Bh3+ 39. Ke1 Bg4 40.
Qe8+ Kh7 41. Qb5 Qxe2+ 0-1

[Event "13. Lichtenberger Sommer"]
[Site "?"]
[Date "2014.08.19"]
[Round "4.38"]
[White "Hahlbohm, Matthias"]
[Black "Möller, Dustin"]
[Result "0-1"]
[WhiteElo "2074"]
[BlackElo "1819"]
[PlyCount "70"]
[EventDate "2014.??.??"]
[WhiteTeam "TSG Oberschöneweide e.V."]
[BlackTeam "Eckernförder SC von 1921"]

1. e4 d5 2. e5 c5 3. c3 Nc6 4. d4 Bf5 5. Bd3 Bxd3 6. Qxd3 e6 7. Nf3 cxd4 8.
cxd4 Bb4+ 9. Nc3 Nge7 10. O-O O-O 11. Ng5 Ng6 12. h4 Be7 13. Nxh7 Kxh7 14. h5
f5 15. exf6 Rxf6 16. Bg5 Rf5 17. hxg6+ Kg8 18. Bxe7 Nxe7 19. Rae1 Nxg6 20. Rxe6
Qg5 21. Qg3 Nf4 22. Re3 Qf6 23. Re5 Rxe5 24. dxe5 Qxe5 25. Qf3 d4 26. Ne4 d3
27. g3 Ne2+ 28. Kg2 Re8 29. Nd2 Qg5 30. Rd1 Rf8 31. Ne4 Qg6 32. Qe3 Re8 33.
Rxd3 Rxe4 34. Rd8+ Kh7 35. Qf3 Nf4+ 0-1

[Event "13. Lichtenberger Sommer"]
[Site "?"]
[Date "2014.08.19"]
[Round "4.39"]
[White "Godoj, Veit"]
[Black "Alcer, Fabian"]
[Result "0-1"]
[WhiteElo "2031"]
[BlackElo "1760"]
[PlyCount "81"]
[EventDate "2014.??.??"]
[WhiteTeam "SV Königsjäger Süd-West e.V."]
[BlackTeam "SV Empor Berlin e.V."]

1. d4 Nf6 2. Nc3 d5 3. Nf3 g6 4. Bf4 Bg7 5. e3 O-O 6. Be2 Nh5 7. Bg5 h6 8. Bh4
Bg4 9. h3 Be6 10. g4 Nf6 11. Ne5 Ne4 12. Nxe4 dxe4 13. Bg3 c5 14. c3 cxd4 15.
exd4 Nc6 16. Nxc6 bxc6 17. Qc2 c5 18. dxc5 Qc8 19. Qxe4 Qxc5 20. O-O Bd5 21.
Qe3 Qc6 22. Rfe1 e6 23. Kh2 Qb7 24. b3 Rac8 25. Rac1 Qe7 26. c4 Bb7 27. c5 Rfd8
28. Bd6 Rxd6 29. cxd6 Qxd6+ 30. f4 Rxc1 31. Rxc1 Qd5 32. Qg3 Qd2 33. Re1 Bc3
34. Rf1 Qxe2+ 35. Qf2 Qe4 36. Rd1 Bd5 37. Kg3 g5 38. fxg5 Be5+ 39. Kh4 hxg5+
40. Kxg5 Qg6+ 41. Kh4 0-1

[Event "13. Lichtenberger Sommer"]
[Site "?"]
[Date "2014.08.19"]
[Round "4.40"]
[White "Bonke, Hans-Jürgen"]
[Black "Püschel, Werner"]
[Result "1-0"]
[WhiteElo "1951"]
[BlackElo "2093"]
[PlyCount "73"]
[EventDate "2014.??.??"]
[WhiteTeam "SC Kreuzberg e.V."]
[BlackTeam "SG Lasker Steglitz-Wilmersdorf"]

1. d4 c5 2. c3 Qc7 3. Nf3 Nf6 4. g3 b6 5. Bg2 Bb7 6. O-O d6 7. Re1 g6 8. Nbd2
Bg7 9. e4 Nfd7 10. b3 O-O 11. Bb2 Nc6 12. Rc1 Rad8 13. Qc2 Qb8 14. Qb1 Rfe8 15.
d5 Nce5 16. Nxe5 Nxe5 17. f4 Nd7 18. c4 Bxb2 19. Qxb2 Nf8 20. e5 Nd7 21. e6 Nf6
22. Bh3 Bc8 23. exf7+ Kxf7 24. Be6+ Bxe6 25. Rxe6 b5 26. Qc2 bxc4 27. bxc4 Qc7
28. f5 g5 29. Nf3 Rg8 30. Rce1 Rde8 31. Qe2 Qd7 32. Nd2 h5 33. Ne4 g4 34. Qe3
Qa4 35. Nxf6 exf6 36. Qh6 Rxe6 37. fxe6+ 1-0

[Event "13. Lichtenberger Sommer"]
[Site "?"]
[Date "2014.08.19"]
[Round "4.41"]
[White "Issel, Oliver"]
[Black "Strowig, Justin"]
[Result "1-0"]
[WhiteElo "2071"]
[BlackElo "1855"]
[PlyCount "63"]
[EventDate "2014.??.??"]
[BlackTeam "SV Mattnetz Berlin e.V."]

1. g3 e5 2. c4 Nc6 3. Nc3 Nf6 4. Bg2 Bb4 5. Nd5 Be7 6. d3 d6 7. Nf3 Be6 8. Nxe7
Nxe7 9. Ng5 c6 10. Nxe6 fxe6 11. O-O Ng6 12. b4 O-O 13. a4 Qe7 14. b5 c5 15.
Qb3 Rac8 16. Bd2 Rfd8 17. e3 Kh8 18. Bc3 d5 19. Bb2 a5 20. Rae1 dxc4 21. dxc4
Nd7 22. Bxb7 Rc7 23. Bg2 Nb6 24. Bc3 Rd3 25. Be4 Rcd7 26. Bxd3 Rxd3 27. Rd1 e4
28. Rxd3 exd3 29. Bxa5 Ne5 30. f4 Nexc4 31. Bxb6 Nxe3 32. Qxd3 1-0

[Event "13. Lichtenberger Sommer"]
[Site "?"]
[Date "2014.08.19"]
[Round "4.42"]
[White "Schubert, Joachim"]
[Black "Kupfer, Michael"]
[Result "0-1"]
[WhiteElo "1848"]
[BlackElo "2059"]
[PlyCount "94"]
[EventDate "2014.??.??"]
[WhiteTeam "SC Friesen Lichtenberg e.V."]
[BlackTeam "SC Friesen Lichtenberg e.V."]

1. e4 d6 2. d4 Nf6 3. Nc3 e5 4. dxe5 dxe5 5. Qxd8+ Kxd8 6. Bc4 Ke8 7. Nf3 Bd6
8. Bg5 Nbd7 9. O-O-O a6 10. Rhe1 b5 11. Bf1 Bb7 12. Nd2 Ng4 13. f3 Nf2 14. Nb3
Nxd1 15. Rxd1 f6 16. Be3 Rd8 17. Na5 Ba8 18. a3 Bc5 19. Bd2 Bb6 20. Nb3 Nc5 21.
Na1 Ne6 22. Ne2 Kf7 23. Ng3 Rd7 24. a4 Bc6 25. axb5 axb5 26. c4 Nd4 27. b4 Ra8
28. Kb2 bxc4 29. Bxc4+ Kf8 30. Bc3 Nb5 31. Rxd7 Bxd7 32. Nc2 Nxc3 33. Kxc3 Ba4
34. Ne1 c5 35. Nd3 cxb4+ 36. Kxb4 Be3 37. Nf1 Bd4 38. Bd5 Ra7 39. f4 Bc2 40.
Ne1 Bd1 41. fxe5 fxe5 42. Nd2 Ra4+ 43. Kb5 Ra1 44. Kb4 Rc1 45. Ndf3 Bc3+ 46.
Ka3 Bxe1 47. Nxe1 Be2 0-1

[Event "13. Lichtenberger Sommer"]
[Site "?"]
[Date "2014.08.19"]
[Round "4.43"]
[White "Brüning, Wolfgang"]
[Black "Kollberg, Lothar"]
[Result "1-0"]
[WhiteElo "1893"]
[BlackElo "2138"]
[PlyCount "77"]
[EventDate "2014.??.??"]
[WhiteTeam "Queer-Springer SSV Berlin"]
[BlackTeam "SC Zugzwang 95 e.V."]

1. c4 g6 2. g3 Bg7 3. Bg2 c5 4. Nf3 Nc6 5. Nc3 e5 6. e4 Nge7 7. d3 O-O 8. Be3
d6 9. Qc1 Nd4 10. Nd5 Nec6 11. Nxd4 Nxd4 12. Bxd4 exd4 13. h4 f5 14. O-O h6 15.
Re1 Kh7 16. Qd2 Rb8 17. exf5 Bxf5 18. Re7 a6 19. Rae1 Kg8 20. Rc7 Rf7 21. Rxf7
Kxf7 22. Qf4 h5 23. Bh3 Be5 24. Qf3 Qd7 25. g4 hxg4 26. Bxg4 Kg7 27. Bxf5 gxf5
28. Kh1 Rh8 29. Rg1+ Kf8 30. h5 Ke8 31. Rg5 Rf8 32. Kg1 Kd8 33. Qh3 Qh7 34. f4
Bg7 35. Rg6 Kd7 36. Qh4 Re8 37. Qg5 Bf8 38. Qxf5+ Kc6 39. Rxd6+ 1-0

[Event "13. Lichtenberger Sommer"]
[Site "?"]
[Date "2014.08.19"]
[Round "4.44"]
[White "Kornrumpf, Joachim"]
[Black "Schilly, Hans-Joachim"]
[Result "1-0"]
[WhiteElo "2061"]
[BlackElo "1804"]
[PlyCount "63"]
[EventDate "2014.??.??"]
[WhiteTeam "Preetzer TSV"]
[BlackTeam "SF Siemensstadt"]

1. Nf3 Nf6 2. b3 Nc6 3. Bb2 d6 4. d4 Bf5 5. a3 e6 6. e3 Be7 7. c4 d5 8. c5 O-O
9. Bd3 Bxd3 10. Qxd3 Na5 11. Nbd2 Ne4 12. b4 Nxd2 13. Nxd2 Nc6 14. O-O f5 15.
b5 Nb8 16. a4 g5 17. f3 Rf6 18. Rac1 c6 19. e4 f4 20. Rfe1 Nd7 21. Re2 Nf8 22.
Rce1 Ng6 23. Bc3 Qd7 24. Rb1 h5 25. bxc6 Qxc6 26. Qb5 g4 27. Qxb7 Qxb7 28. Rxb7
e5 29. exd5 gxf3 30. Nxf3 Ra6 31. d6 Bd8 32. dxe5 1-0